Využitie LLM modelov pre detekciu sieťových útokov

Saved in:
Bibliographic Details
Main Author: Hnila, Boris (Author)
Other Authors: Balogh, Štefan (Thesis advisor)
Format: Manuscript Book
Language:Slovak
Published: Bratislava : STU v Bratislave FEI, 2025
Subjects:
Online Access:https://opac.crzp.sk/?fn=detailBiblioFormChildM10788&sid=BA75C2D62745AD5726EC979ED92F&seo=CRZP-detail-kniha
Tags: Add Tag
No Tags, Be the first to tag this record!

MARC

LEADER 00000ntm a22000003a 4500
001 stuzp101865
003 SK-STU
005 20251105141530.0
007 ta
008 150427s2015----xo-----f-mn---000-0-slo-d
040 |a STU  |b slo 
041 0 |a slo 
044 |a xo 
100 1 |a Hnila, Boris  |u 035000  |4 aut  |U FEI Fakulta elektrotechniky a informatiky  |T FEI Ústav informatiky a matematiky  |X 120414  |U E050  |Y 816  |7 120414 
242 0 1 |a The use of LLM models for the detection of network attacks  |y eng 
245 1 0 |a Využitie LLM modelov pre detekciu sieťových útokov 
260 |a Bratislava :  |b STU v Bratislave FEI,  |c 2025 
300 |a 94 s. 
650 4 |a veľké jazykové modely  |2 slo 
650 4 |a transformery  |2 slo 
650 4 |a sieťové incidenty  |2 slo 
650 4 |a ladenie  |2 slo 
650 4 |a detekcia  |2 slo 
650 4 |a útoky hrubou silou  |2 slo 
650 4 |a network incidents  |2 eng 
650 4 |a fine-tuning  |2 eng 
650 4 |a transformer  |2 eng 
650 4 |a large language model  |2 eng 
650 4 |a detection  |2 eng 
650 4 |a brute- force attacks  |2 eng 
700 1 |a Balogh, Štefan  |u 035000  |k Z1  |4 ths  |U FEI Fakulta elektrotechniky a informatiky  |T FEI Ústav informatiky a matematiky  |X 30190  |U E050  |Y 816  |7 A000030190 
856 4 |u https://opac.crzp.sk/?fn=detailBiblioFormChildM10788&sid=BA75C2D62745AD5726EC979ED92F&seo=CRZP-detail-kniha